000 00656nam a2200253Ia 4500
003 OSt
005 20221005081814.0
006 a|||||r|||| 00| 0
007 ta
008 221004b |||||||| |||| 00| 0 eng d
024 _a72034
037 _cTextual
040 _aCRL
_cCRL
_beng
041 _2eng
_aeng
082 _aY15:62, M9
100 _aParikh Indira J
245 0 _aIndian women
_b An immer dialogue
260 _aNew Delhi
_bSage India
_c1989
300 _a224p
_ccm.
650 _aSOCIOLOGY
700 _a Garg Pulin K
942 _hY15:62, M9
_cTEXL
_2cc
999 _c988296
_d988296